LIBRARY & INFORMATION CENTRE, KCAET, TAVANUR

ONLINE PUBLIC ACCESS CATALOGUE (OPAC)

Fundamentals of software engineering / (Record no. 9798)

MARC details
000 -LEADER
fixed length control field 00580cam a2200217ua 4500
020 ## - INTERNATIONAL STANDARD BOOK NUMBER
ISBN 81 203 0865 4
041 ## - LANGUAGE CODE
Language code of text/sound track or separate title eng
082 ## - DEWEY DECIMAL CLASSIFICATION NUMBER
Classification number 005.1
Item number GHE/FU
100 ## - MAIN ENTRY--AUTHOR NAME
Personal name Ghezzi, Carlo .
245 ## - TITLE STATEMENT
Title Fundamentals of software engineering /
250 ## - EDITION STATEMENT
Edition statement 1 /
260 ## - PUBLICATION, DISTRIBUTION, ETC. (IMPRINT)
Place of publication New Delhi :
Name of publisher Prentice Hall of India Pvt Ltd. ,
Year of publication 2000.
300 ## - PHYSICAL DESCRIPTION
Number of Pages 573 ; .
700 1# - ADDED ENTRY--PERSONAL NAME
Personal name Jazayeri, Mehle .
700 1# - ADDED ENTRY--PERSONAL NAME
Personal name Mandrioli, Dino .
942 ## - ADDED ENTRY ELEMENTS (KOHA)
Koha item type Books
Holdings
Withdrawn status Lost status Damaged status Home library Current library Date acquired Full call number Accession Number Koha item type
      KAUAET KAUAET 07/04/2012 005.1 20620 Books
      KAUAET KAUAET 07/04/2012 005.1 20689 Books
free website counter